000 01013nam a2200313 i 4500
003 EG-GICUC
005 20260121101419.0
008 251202s1945 ua ||||fr|||| 00| 0 fre d
040 _a EG-GICUC
_bfre
_c EG-GICUC
_d EG-GICUC
_erda
041 0 _hfre
082 0 4 _221
_a343.1
_bSH . L
092 0 4 _221
099 _aLaw1 10 343.1 SH . L 1945
100 0 _aShams, Riad R.
_eAuteur
245 1 3 _aLa Librté Individuelle /
_cPar Raid R. Shams; Préface Par Albert Chéron.
264 1 _aEgypt :
_bImprimeris F. NOURY & Fils,
_c1945.
300 _a258 pages ;
_c24 cm.
336 _2rda content
_atext
337 _2rda media
_aComputer
338 _2rda carrier
_aOnline Resource
504 _aBibliographie: pages 243-246
504 _aComprend des références bibliographiques.
546 _aTexte en français
650 1 4 _aDroit Pénal
700 1 _aChéron, Albert
_ePréfacier
856 4 0 _uhttps://fll.law.cu.edu.eg/fulltext/bks/B10-00852.pdf
905 _a33
_eHassnaa
942 _2ddc
_cBK
_e21
_n0
999 _c48081
_d48081